Normal view
MARC view
- Dorati M.
Entry Personal Name
001 - CONTROL NUMBER
- control field: 27913
003 - CONTROL NUMBER IDENTIFIER
- control field: IT-RoPau
005 - DATE AND TIME OF LATEST TRANSACTION
- control field: 20140529153718.0
008 - FIXED-LENGTH DATA ELEMENTS
- fixed length control field: 140529|| aca||aabn | a|a d
040 ## - CATALOGING SOURCE
- Original cataloging agency: IT-RoPau
- Transcribing agency: IT-RoPau
100 ## - HEADING--PERSONAL NAME
- Personal name: Dorati M.
- Dates associated with a name: Codice autore musica SPICS: 34725
- Relator term: Autore musica
- Name of part/section of a work: Il ritorno dei cavalieri dello zodiaco
670 ## - SOURCE DATA FOUND
- Source citation: Work cat.: (IT-RoPau)99964: AA.VV. 794, Fivelandia 9-Le più belle sigle originali dei tuoi amici in tv